Normal view
MARC view
- كينك،ج.ي؛ترجمة ضياء مجيد حسين الموسوي
Entry Personal Name
001 - CONTROL NUMBER
- control field: 10590
003 - CONTROL NUMBER IDENTIFIER
- control field: JO-AjAnu
005 - DATE AND TIME OF LATEST TRANSACTION
- control field: 20230606072011.0
008 - FIXED-LENGTH DATA ELEMENTS
- fixed length control field: 230606|| aca||aabn | a|a d
040 ## - CATALOGING SOURCE
- Original cataloging agency: JO-AjAnu
- Transcribing agency: JO-AjAnu
100 ## - HEADING--PERSONAL NAME
- Personal name: كينك،ج.ي؛ترجمة ضياء مجيد حسين الموسوي
670 ## - SOURCE DATA FOUND
- Source citation: Work cat.: (JO-AjAnu)5451: كينك،ج.ي؛ترجمة ضياء مجيد حسين الموسوي, author, دراسات ماكميلان في الاقتصاد:اقتصاد العمل